000
00281nam a2200097Ia 4500
082
_a
342.68085 HUM
245
0
_a
HUMAN RIGHTS FOR SOUTH AFRICANS
100
_a
SWILLING, Mark Claremont, South Africa, 2012
_9
58380
942
_c
BK
008
210817s9999 xx 000 0 und d
999
_c
220183
_d
220183